| 000 | 01221nam a22002777a 4500 | ||
|---|---|---|---|
| 005 | 20240530110628.0 | ||
| 008 | 170110s2015 ua abh g b 000 0 ara d | ||
| 040 |
_aEG-CaGPL _cEG-CaGPL |
||
| 082 | 0 | 4 |
_221 _a910.133\ _bم ج |
| 100 | 0 | _aمحمد الفتحى بكير محمد | |
| 245 | 1 | 0 |
_aجغرافية الدول النامية / _cمحمد الفتحى بكير محمد |
| 260 |
_aالاسكندرية : _bدار المعرفة الجامعية ، _c2015. |
||
| 300 |
_a308 ص. : _bايض ؛ _c24 سم. |
||
| 504 | _aيشتمل على ارجاعات ببليوجرافية | ||
| 650 | 0 | 7 |
_2qrmak _aالدول النامية _xتخطيط |
| 650 | 0 | 7 |
_2qrmak _aالتنمية الاقتصادية |
| 650 | 0 | 7 |
_2qrmak _aالجغرافية البشرية |
| 650 | 0 | 7 |
_2qrmak _aالدول النامية _xالسكان |
| 650 | 0 | 7 |
_2qrmak _aالدول النامية _xالزراعة |
| 650 | 0 | 7 |
_2qrmak _aالدول النامية _xالصناعة |
| 650 | 0 | 7 |
_2qrmak _aالدول النامية _xالتعدين |
| 651 | 0 | 6 |
_2qrmak _aامريكا الاتينية _xجغرافيا |
| 651 | 0 | 6 |
_2qrmak _aجنوب شرقى اسيا _xجغرافيا |
| 942 |
_2ddc _cBK |
||
| 999 |
_c63205 _d63205 |
||